000 01213naa a22003137a 4500
001 BR9214356
003 BR-BrBNA
005 20240918180828.0
007 ta
008 230509b bl.||||| |||| 00| 0 por d
040 _aBR-BrBNA
_bpor
_cBiblioteca Nacional de Agricultura
041 _a(Pt)
072 _aF01
090 _aF01 BR9214356
100 1 _aKlein, V.A.
100 1 _aKochhann, R.A.
100 1 _aBoller, W.
111 1 _a20. Congresso Brasileiro de Engenharia Agricola
_cLondrina, PR (Brazil)
_d21-26 Jul 1991
245 1 _aDesenvolvimento de haste para escarificacao em area sob plantio direto
246 1 _aDevelopment of shank for chisel plowing soils under no tillage
246 1 _aAnnals of 20. Brazilian Congress of Agricultural Engineering
260 3 _aLondrina, PR (Brasil):
_c1992.
500 _aAnais do 20. Congresso Brasileiro de Engenharia Agricola Londrina, PR (Brasil): 1992. v. 2 p. 906-917 (BR9214356-AM)F01
650 _aPlantio Direto
650 _aEscarificacao
773 0 _tAnais do 20. Congresso Brasileiro de Engenharia Agricola
_wF01 BR9214356
_gLondrina, PR (Brasil), 1992. v. 2 p. 906-917
909 _a202404
_bLucia
_c55
_dLucia Elande
942 _cAM
_2AGRIS
999 _c322187
_d322187